Bibliografía del IPGH sobre América Central /

Gardado en:
Detalles Bibliográficos
Autor Principal: Heredia C, Roberto
Formato: Texto
Etiquetas: Engadir etiqueta
Sen Etiquetas, Sexa o primeiro en etiquetar este rexistro!

MARC

LEADER 00000 a a2200000 04500
001 7997
003
040
100 |a Heredia C, Roberto  
245 |a Bibliografía del IPGH sobre América Central /  |c Roberto Heredia C 
773 |g número 6; páginas 155-157  
999 |c 36917  |d 36917